000 00831nam a2200229 a 4500
999 _c12155
_d12155
001 12155
003 BD-JhCC
005 20210321132820.0
008 210321b 2015bg a|||| ||a| 000 0 mul d
020 _a9847027700558
035 _a(BD-JhCC)12155
040 _aBD-JhCC
_dBD-JhCC
041 _amul
082 _a005.7565
_bMIC 2015
110 _aবুক বিডি সিরিজ
245 _aমাইক্রোসফট এ্যাক্‌সেস্‌ ২০১৩,১০,০৭ /
_cবুক বিডি সিরিজ
260 _aঢাকা :
_bজ্ঞানকোষ প্রকাশনী,
_c২০১৫.
300 _a৪৪৩ পৃ. :
_bচিত্রাবলী ;
_c২৪ সে.মি.
710 _aবুক বিডি সিরিজ
942 _2ddc
_cBK